000 00192 a2200097 4500
020 _a9780794541798
041 _aeng
100 _aBowman, Lucy
245 _aHow bear lost his tail
942 _cBK
999 _c31651
_d31649